| 000 | 00972nam a2200313 i 4500 | ||
|---|---|---|---|
| 003 | EG-GICUC | ||
| 005 | 20260408190806.0 | ||
| 008 | 260408s1997 Fr |||fr|||| 00| 0 fre d | ||
| 020 | _a2247022022 | ||
| 040 |
_aEG-GiCUC _bfre _cEG-GiCUC _dEG-GiCUC _eRda |
||
| 082 | 0 | 4 |
_221 _a343.435 _bMA . T |
| 092 | 0 | 4 | _221 |
| 099 | _aLaw1 I 343.435 MA . T 1997 | ||
| 100 | 1 |
_aMayaud, Yves _eAuteur |
|
| 245 | 1 | 3 |
_aLe Terrorisme / _cYves Mayaud |
| 264 | 1 |
_aParis : _bDaloz, _c1997. |
|
| 264 | 1 | _bAchevé D'imprimer Sur Les Presses De L'imprimerie Arts Graphiques Du Perche 28240 Meaucé | |
| 300 |
_a160 page ; _c 24 cm. |
||
| 336 |
_2rda contenu _a texte |
||
| 337 |
_2rda medias _aOrdinateur |
||
| 338 |
_2 transporteur rda _a Ressource en ligne |
||
| 500 | _aIndex | ||
| 650 | 1 |
_aTerrorisme _2qrmak |
|
| 650 | 1 |
_aDroit De Panél _2qrmak |
|
| 651 | 1 | _2qrmak | |
| 856 | 4 | 0 | _uhttps://fll.law.cu.edu.eg/fulltext/bks/B10-08996.pdf |
| 905 | _a54 | ||
| 942 |
_2ddc _cBK _e21 _n0 |
||
| 999 |
_c69780 _d69780 |
||